| 000 | 00542nam a2200181Ia 4500 | ||
|---|---|---|---|
| 999 |
_c29413 _d29413 |
||
| 003 | OSt | ||
| 005 | 20201231131059.0 | ||
| 008 | 190216s9999||||xx |||||||||||||| ||und|| | ||
| 020 | _a9788122608076 | ||
| 040 | _coclc | ||
| 082 |
_a894.8125 _bDEB/O |
||
| 100 |
_aDebroy, Dipavali _98031 |
||
| 245 | 0 |
_aOru Nootandine Nirmicha Prasangagal / _cDipavali Debroy ; A V Sreekumar |
|
| 260 |
_bCurrent Books, _aTrissur: _c2009. |
||
| 300 | _a160p | ||
| 650 | _aLekhanam | ||
| 942 |
_cBK _2ddc _h894.8125 _iDEB/O _k894.8125 _mDEB/O |
||